Diccionario de términos históricos y afines

Uloženo v:
Podrobná bibliografie
Hlavní autoři: Chordá, Frederic (Autor), Martín, Teodoro (Autor), Rivero, Isabel (Autor)
Médium: Kniha
Jazyk:španělština
Vydáno: Madrid Istmo 1995
Vydání:4a. ed
Edice:Colección Fundamentos, 81
Témata:
Tagy: Přidat tag
Žádné tagy, Buďte první, kdo vytvoří štítek k tomuto záznamu!

MARC

LEADER 00000nam a2200000 a 4500
001 UCM4022
003 CL-VaPUC
008 020726e19950600SP |||||||||||||||||spa|d
082 0 4 |a 903  |b CHO  |2 21 
100 0 |a Chordá, Frederic  |e author  |9 470527 
700 0 |a Martín, Teodoro  |e author  |9 470528 
700 0 |a Rivero, Isabel  |e author  |9 470529 
245 1 0 |a Diccionario de términos históricos y afines 
250 |a 4a. ed 
300 |a 331 p 
942 |c BK 
945 |d 20020726 00:00:00  |a vberengu 
260 |a Madrid  |b Istmo  |c 1995 
650 7 |a HISTORIA DICCIONARIOS  |2 CL-VaPUC  |9 324463 
583 |a last modification  |c 20020726 00:00:00  |k Rodrigo Vera 
490 0 |a Colección Fundamentos, 81 
999 |c 300937  |d 300935 
952 |0 0  |1 0  |4 0  |6 903_000000000000000_CHO_1995  |7 0  |8 X  |9 359357  |a BIBHIS  |b BIBHIS  |d 2019-11-21  |i 3825701  |o 903 CHO 1995  |p 3825701  |r 2024-01-30  |w 2019-11-21  |y BK_X  |k HIS